| 000 | 01107cam a22003257a 4500 | ||
|---|---|---|---|
| 003 | CHAP | ||
| 005 | 20220329141842.0 | ||
| 008 | 980305d1984 mx ab r 00110 spa d | ||
| 010 | _a74814 | ||
| 011 | _a75786 | ||
| 035 | _a85356 | ||
| 040 | _cCHAP | ||
| 082 | 0 | 4 |
_a917.2 _bG5 Gro. |
| 110 | 2 |
_aGuías Turísticas Banamex _951515 |
|
| 245 | 1 | 0 |
_aGuía de forasteros : _bCentro Historico : Taxco _c/por Guías Turísticas Banamex |
| 260 |
_aMéxico, D.F. : _bGuías Turisticas Banamex, _c1991. |
||
| 300 |
_a100 p. : _bilus. +1 mapa |
||
| 590 |
_aBATCH-UPD _b10 _c20130110 _lUCH01 _h0015 |
||
| 590 |
_aBATCH-UPD _b10 _c20130110 _lUCH01 _h1733 |
||
| 590 |
_aBATCH-UPD _b10 _c20130409 _lUCH01 _h1953 |
||
| 590 |
_aBATCH-UPD _b10 _c20130410 _lUCH01 _h1114 |
||
| 590 |
_aBATCH-UPD _b10 _c20130914 _lUCH01 _h1555 |
||
| 590 |
_aCONVERSION _b10 _c20130109 _lUCH01 _h1341 |
||
| 650 | 1 | 4 |
_aGuerrero _xDescripción y viaje. _951182 |
| 650 | 1 | 4 |
_aMéxico _xDescripción y viaje. _976737 |
| 901 | _aBK | ||
| 905 | _aGuadalupe Pinto C. | ||
| 942 | _cLIBRO | ||
| 949 |
_a917.2 G5 Gro. _bBC _cESP _d33724002022314 _eESP _h92433 _i85356 _sb |
||
| 999 |
_c74814 _d74814 |
||